| 000 | 00720nam a2200157 a 4500 | ||
|---|---|---|---|
| 008 | 150727s2014 ||||||||||||||||| || u | ||
| 050 | _aUNESCWA(08)PDR/6 | ||
| 245 | 0 | 0 |
_aDeveloment policy implications of age-structural transitions in Arab countries _cby Untied Nations Economic and social Commission for Western Asia (UNESCWA) |
| 260 |
_aBeirut: _c2014 |
||
| 300 | _ax,108p.: ill. | ||
| 490 | _aPopulation and development report | ||
| 650 | _aPOPULATION AND DEVELOPMENT--STATISTICS | ||
| 650 | _aAGE AND SEX DISTRIBUTION--ARAB REGION | ||
| 650 | _aPOPULATION FORECASTING | ||
| 995 |
_FCBU-MAIN LIBRARY (Kitwe) _M1 _UAVAILABLE _WJul 30, 2015 _ZInternational Publications |
||
| 999 |
_c39871 _d39871 |
||